Polt̕icos y funcionarios en la Comunidad de Madrid

Detalles Bibliográficos
Autor principal: Quereda Sabater, Juan
Formato: eBook
Lenguaje:español
Publicado: Madrid : Instituto Nacional de Administracin̤ Pb︢lica (INAP), 2012
Materias:
Acceso en línea:http://www.vlex.com/source/6858

MARC

LEADER 00000nam a22000007a 4500
005 20130121153452.0
007 cr|||| ||||
008 130121e2012 sp |||||s|||| 00||0 spa d
020 |a 8470887718 
035 |a 6858 
040 |a vLex 
090 |c 3561  |d 3561 
100 1 0 |a Quereda Sabater, Juan 
245 1 0 |a Polt̕icos y funcionarios en la Comunidad de Madrid  |h [Recurso electrn̤ico] 
256 |a Servicio en ln̕ea 
260 |a Madrid :  |b Instituto Nacional de Administracin̤ Pb︢lica (INAP),   |c 2012 
300 |a 1 Recurso electrn̤ico 
650 0 4 |a Administracin̤ autonm̤ica  |z Madrid 
650 0 4 |a Funcin̤ pb︢lica  |z Madrid 
650 0 4 |a Derecho administrativo   |z Madrid 
740 |a vLex Libros (Servicio en ln̕ea) 
856 |a Acceso restringido  |u http://www.vlex.com/source/6858 
942 |c BOOK 
999 0 |a Administrative law